Estadísticas para Países con el mayor número de tanques

Haz click aquí para intentar la prueba.

Estadísticas generales

  • Esta prueba ha sido intentada 2.483 veces
    (826 desde el último reinicio)
  • La puntuación promedio es 15 de 21

Estadísticas de respuestas

# de TanquesPaís% Correcto
4.657Estados Unidos
100%
14.777Rusia
99%
5.000China
97%
4.614India
90%
5.845Corea del Norte
89%
1.996Irán
88%
2.501Corea del Sur
84%
1.370Israel
84%
1.777Ucrania
82%
3.742Pakistán
79%
5.340Egipto
78%
1.485Arabia Saudita
76%
2.231Turquía
76%
1.564Marruecos
68%
2.720Siria
68%
1.632Argelia
64%
2.029Vietnam
60%
1.365Jordania
50%
1.010Taiwán
42%
1.365Grecia
34%
1.756Eritrea
12%

Distribución de puntuación

Porcentaje por número respondido

Porcentaje de gente con cada puntuación

Historial de tus puntuaciones

No has intentado esta prueba desde el último reinicio